Anaerobic digestion of waste materials with high content of nitrogen and sulphur
Salvato in:
| Autore principale: | |
|---|---|
| Altri autori: | |
| Natura: | Manoscritto Libro |
| Lingua: | slovacco inglese |
| Pubblicazione: |
2017
|
| Soggetti: | |
| Accesso online: | http://is.stuba.sk/zp/portal_zp.pl?podrobnosti=111960 |
| Tags: |
Nessun Tag, puoi essere il primo ad aggiungerne!!
|
MARC
| LEADER | 00000ntm a22000003a 4500 | ||
|---|---|---|---|
| 001 | stuzp42717 | ||
| 003 | SK-STU | ||
| 005 | 20170826210308.2 | ||
| 007 | ta | ||
| 008 | 150427s2015----xo-----f-mn---000-0-slo-d | ||
| 040 | |a STU |b slo | ||
| 041 | 0 | |a eng | |
| 100 | 1 | |a Chávez Fuentes, Juan José |u 046290 |4 aut |U FCHPT Ústav chemického a environmentálneho inžinierstva |T FCHPT Oddelenie environmentálneho inžinierstva |X 50028 |U C6290 |Y 120 |7 A0000050028 | |
| 242 | 0 | 1 | |a ANAERÓBNE SPRACOVANIE ODPADOVÝCH MATERIÁLOV S VYSOKÝM OBSAHOM DUSÍKA A SÍRY |y slo |
| 245 | 1 | 0 | |a Anaerobic digestion of waste materials with high content of nitrogen and sulphur |
| 260 | |c 2017 | ||
| 650 | 4 | |a inhibícia |2 slo | |
| 650 | 4 | |a smart-farms |2 slo | |
| 650 | 4 | |a cystín |2 slo | |
| 650 | 4 | |a Amoniak |2 slo | |
| 650 | 4 | |a sulfidy |2 slo | |
| 650 | 4 | |a mechanizmus ochrannej prikrývky |2 slo | |
| 650 | 4 | |a ammonia |2 eng | |
| 650 | 4 | |a sulphides |2 eng | |
| 650 | 4 | |a inhibition |2 eng | |
| 650 | 4 | |a protective-coat mechanism |2 eng | |
| 650 | 4 | |a smart-farms |2 eng | |
| 650 | 4 | |a cystine |2 eng | |
| 700 | 1 | |a Hutňan, Miroslav |u 046290 |k Z1 |4 ths |U FCHPT Ústav chemického a environmentálneho inžinierstva |T FCHPT Oddelenie environmentálneho inžinierstva |X 3355 |U C6290 |Y 120 |7 A000003355 | |
| 856 | 4 | |u http://is.stuba.sk/zp/portal_zp.pl?podrobnosti=111960 | |